| 000 | 00892nam a2200265Ia 4500 | ||
|---|---|---|---|
| 003 | OSt | ||
| 005 | 20221005104419.0 | ||
| 006 | a|||||r|||| 00| 0 | ||
| 007 | ta | ||
| 008 | 221004b |||||||| |||| 00| 0 hin d | ||
| 020 |
_a8126313587 (hbk) _c100 |
||
| 024 | _a122189 | ||
| 037 |
_b13336, 23/07/2012, Kitab Ghar _cTextual |
||
| 040 |
_aCRL _cCRL _bhin |
||
| 041 |
_2hin _ahin |
||
| 082 | _aO152,3N62x, P7 | ||
| 100 | _aखाती, संजय | ||
| 245 | 0 | _aबाहर कुछ नहीं था | |
| 246 | _aBāhar kuchh nahīan thā | ||
| 260 |
_aदिल्ली _bभारतीय ज्ञानपीठ भारत _c2007 |
||
| 300 |
_a115पृ0 _ccm. |
||
| 650 | _aहिन्दी साहित्य | ||
| 942 |
_hO152,3N62x, P7 _cTEXL _2cc |
||
| 999 |
_c1012650 _d1012650 |
||